| 000 | 00665cam a2200193Ia 4500 | ||
|---|---|---|---|
| 020 | _a0439444438 | ||
| 020 | _a0439488400 | ||
| 040 | _cMGI | ||
| 082 | _a813 SCH 2002 A094 Or. | ||
| 100 | 1 | _aSpinelli, Jerry. | |
| 245 | 1 | 0 | _aStargirl / |
| 260 |
_aNew York : _bScholastic Inc., _cc2002. |
||
| 300 |
_a188 p. ; _c20 cm. |
||
| 500 | _a"First Scholastic paperback printing, September 2002."--T.p. verso. | ||
| 520 | _aIn this story about the perils of popularity, the courage of nonconformity, and the thrill of first love, an eccentric student named Stargirl changes Mica High School forever. | ||
| 650 | 0 | _aIndividuality | |
| 650 | 0 | _aPopularity | |
| 942 | _cEK | ||
| 999 |
_c12695 _d12695 |
||